000 00216nam a22000857a 4500
008 170620b xxu||||| |||| 00| 0 eng d
100 _93581
_aSachdeva.C.S
245 _aMacro Economics XII
260 _aNew Delhi
_bG.P.H
_c2012
999 _c6967
_d6967